| 000 | 00434nam a2200157Ia 4500 | ||
|---|---|---|---|
| 005 | 20240807020151.0 | ||
| 008 | 240331s9999 xx 000 0 und d | ||
| 082 |
_bVYT _a392 |
||
| 100 | _aVythilingam, M | ||
| 245 | 4 | _aThe Life of Sir Ponnampalam Ramanathan | |
| 260 |
_aColombo _bRamanathan Commemoration Society _c1971 |
||
| 300 | _axv, 605 p ., vol (i) | ||
| 650 | _aBirth and Ancestry | ||
| 650 | _aReligious Growth | ||
| 942 | _cL | ||
| 999 |
_c2799 _d2799 |
||